Team StarKid songs by first lyrics - Statistics

General Stats
  • This quiz has been taken 569 times
  • The average score is 69 of 150
Answer Stats
# Musical First five words Song title % Correct
3 A Very Potter Musical Underneath these stairs, I hear Going Back to Hogwarts
86%
57 The Guy Who Didn’t Like Musicals I’m not your girl anymore Not Your Seed
79%
2 Twisted I’ve gone against my sultan Twisted
77%
28 The Guy Who Didn’t Like Musicals Emma, I’m sorry, you lost Inevitable
76%
66 The Guy Who Didn’t Like Musicals It’s a ___ ______ _____ Show Stopping Number
73%
86 Twisted I follow the _____ ___ Golden Rule Evil Reprise
72%
10 A Very Potter Sequel You’re ____ ______ _____! You Harry Freaking Potter
72%
81 The Guy Who Didn’t Like Musicals (Ooh… ooh…) The greatest stories The Guy Who Didn’t Like Musicals
72%
106 The Guy Who Didn’t Like Musicals It is time do die! Join Us and Die
71%
35 The Guy Who Didn’t Like Musicals What’s in your soul? Is Let It Out
71%
15 A Very Potter Sequel We got these days of Days of Summer/GBTH
70%
32 The Guy Who Didn’t Like Musicals Yeah, just a typical day La Dee Dah Dah Day
70%
125 The Guy Who Didn’t Like Musicals Get your cup of roasted Cup of Roasted Coffee
69%
69 The Trail to Oregon You’re in ___________! Welcome to Independence
69%
148 Firebringer He is Lord, Duck is Duck Is Lord
67%
150 A Very Potter Sequel _______ ___ ____, Hermione can’t Hermione Can’t Draw
67%
14 Holy Musical Batman Rogues! Assemble, gather, unite! And Rogues Are We Reprise
67%
46 Twisted In your homeland you’re a No One Remembers Achmed
66%
9 Firebringer Yes, behold me! I am Chorn
65%
43 Twisted I’m the most powerful girl Everything and More
65%
109 The Trail to Oregon Come on buddy, the water’s Naked in a Lake
65%
7 Firebringer When darkness comes and steals The Night Belongs to Snarl
65%
131 The Guy Who Didn’t Like Musicals ____ __ ___ ____, ____? What Do You Want, Paul?
65%
6 Twisted I look around the kingdom Dream A Little Harder
64%
37 Starship What are these ______ ________? Hideous Creatures
63%
113 The Guy Who Didn’t Like Musicals Ma’am, I need you to Show Me Your Hands
63%
17 A Very Potter Senior Year Who’s wiser than a warlock Gilderoy (Wizard of the Year)
62%
80 A Very Potter Musical Here I am, face to Granger Danger
61%
42 A Very Potter Sequel There are so many douchebags Guys Like Potter
61%
95 A Very Potter Musical The way his hair falls Harry
61%
96 Twisted Want food, but got no I Steal Everything
61%
48 Starship _ ____ __ a Starship I Wanna Be
61%
19 Starship Scales and exoskeletons, why, they Kick It Up a Notch
61%
25 Twisted I know a thousand tales A Thousand and One Nights
58%
85 A Very Potter Musical You won’t sleep on your Different As Can Be
57%
135 Starship I love to kick it Kick it Up a Notch Reprise
57%
21 Holy Musical Batman Line up, sign up, if Rogues Are We
57%
90 The Trail to Oregon She went up like a Speedrun
57%
16 Holy Musical Batman Truth and liberty and justice The American Way
57%
58 A Very Potter Musical He thinks that we’re finished Voldemort Is Going Down
57%
20 Firebringer (Oh-oh-oh … oh-oh-oh-oh) I can feel Climate Change
56%
147 The Guy Who Didn’t Like Musicals (Ooh… ooh…) Did you hear Let Him Come
56%
5 Holy Musical Batman It seems so funny as Super Friends
56%
44 A Very Potter Sequel Home, I’ve heard the word To Have A Home
56%
22 The Trail to Oregon When the going gets tough Wagon on Fire
56%
45 The Guy Who Didn’t Like Musicals I don’t know what you’ve America Is Great Again
55%
4 Twisted I’ll be treated like a Happy Ending
55%
75 Twisted _ _ ______ in wishes If I Believed
55%
63 Starship Look how the silkworms sway Beauty
54%
55 A Very Potter Musical I’ve been alone, surrounded by Not Alone
54%
47 The Trail to Oregon At first I didn’t want When the World’s at Stake
54%
12 Holy Musical Batman Poor Master Bruce, poor Mister Dark Sad Lonely Knight
53%
70 Firebringer Into the black, into the Into the Night
53%
8 Spies Are Forever It’s time to save the Spies are Forever
53%
36 Firebringer I don’t really wanna do We Got Work to Do
53%
87 The Guy Who Didn’t Like Musicals I’m tied up, Charlotte. Tied You Tied Up My Heart
53%
33 Holy Musical Batman One shot! Two shots in Holy Musical Batman!
52%
84 Twisted See that palace of gold? Take Off Your Clothes
52%
88 The Trail to Oregon Thrown in back like a Lost Without You
51%
138 A Very Potter Musical Hey Dragon, you don’t gotta The Dragon Song
51%
149 A Very Potter Musical You’re tall and fun and Ginny
50%
142 Firebringer What if I tried something Backfire
49%
141 A Very Potter Musical You’re tall and fun and Cho Chang
49%
146 A Very Potter Musical I guess it’s plain to Different As Can Be Reprise
49%
56 Starship You say you’ve lost your Get Back Up
49%
39 The Trail to Oregon Good morning! Good morning! We Gone to Oregon
49%
49 Firebringer Ain’t it crazy how something Just a Taste
49%
114 Starship It’s a big, big universe Life
49%
40 Firebringer No more cold, no more The Night Belongs to Us
49%
61 Firebringer Every day’s the same, is What If
49%
24 Spies Are Forever And another! Another! One more One More Shot
48%
103 Firebringer I’ll start with how your Paint Me
48%
74 Starship It starts with not questioning Status Quo
48%
116 The Trail to Oregon We’re travelling down a bumpy The Grind
48%
54 Starship When they say you can’t The Way I Do
48%
128 A Very Potter Musical When I was a boy To Dance Again
48%
26 The Trail to Oregon I looked in the eyes Dysentery World
47%
143 A Very Potter Musical Baby you’re ___ ____, cause Not Alone Reprise
47%
29 Twisted ____ __ ___, take me Sands of Time/Golden Rule
47%
100 Twisted A thousand and one lifetimes 1001 Nights Reprise
46%
18 A Very Potter Sequel Don’t ever tell me what Not Over Yet
46%
136 Holy Musical Batman ____ ____! Batman’s a loner Robin Sucks!
46%
52 A Very Potter Senior Year It’s not fair, it’s not Sidekick
46%
124 The Trail to Oregon When you’re growing up as Pays to Be an Animal
45%
89 Twisted I know you think I’m Orphaned at Thirty-Three
44%
132 Firebringer Oooo… aaAA… AAAA! Help! What’s Ouch My Butt
44%
122 The Trail to Oregon When the darkness surrounds you You Gotta Go
44%
77 Holy Musical Batman We’re like long lost brothers Dynamic Duet
43%
1 A Very Potter Senior Year You don’t know what you’re Everything Ends/GBTH
43%
68 Firebringer I never think about the Together
43%
51 Spies Are Forever She’s touching my hand … He’s Doing This
42%
23 Twisted What will I do without The Power in Me
42%
53 A Very Potter Sequel La la la la la Those Voices
42%
129 The Trail to Oregon At first I was a When The World’s At Stake Reprise
42%
50 Ani There! There he is! He Ani
41%
11 Firebringer We got a lot to Make the Most of It
41%
59 Holy Musical Batman I am a man of To Be A Man
41%
107 Spies Are Forever Sorry I’m late guys, got Somebody’s Gotta Do It
40%
82 Firebringer The leaves fall from the We Are People Now
40%
71 A Very Potter Musical I can’t remember Dad, and Missing You
39%
62 A Very Potter Sequel My heart is racing, but No Way
39%
79 Firebringer I guess this is what Jemilla’s Lament
38%
111 Firebringer (Do a da da da) Fire
37%
27 Spies Are Forever How did I get back Spy Again
37%
144 The Trail to Oregon We gotta ____ ____ _____ Caulk the Wagon
36%
99 A Very Potter Sequel All my dreams I’m chasing Coolest Girl
35%
83 Spies Are Forever In the casino, the church Eyes on the Prize Reprise
35%
98 Spies Are Forever At the tender age of Prisoner of My Past
35%
65 A Very Potter Senior Year We’re going back to Hogwarts Senior Year
35%
102 A Very Potter Sequel Remember that time when you Stutter
35%
31 Spies Are Forever I’ve been waiting for this The Torture Tango
35%
73 A Very Potter Sequel I bet you’re the one Getting Along
34%
97 Me And My Dick I wake up in the Me and My Dick
34%
115 Spies Are Forever Ever since the Second World Not So Bad
34%
30 Me And My Dick Look at me with my Ready to Go
34%
13 Spies Are Forever It’s time to buckle up One Step Ahead
33%
134 Spies Are Forever I once was a spy Spy Again Reprise
33%
60 A Very Potter Senior Year It’s been a long time This Is the End
33%
76 A Very Potter Senior Year Now you are a boy Always Dance
32%
64 Spies Are Forever I slaved away all night Pay Attention!
32%
117 Spies Are Forever What a wonderful night, what We Love the Prince
32%
126 Spies Are Forever Although I may be hard Eyes on the Prize
31%
93 Firebringer (Mm-mh … ey! Mm-mh … ey! Mm-mh) Welcome to the Stone Age
30%
112 Starship We might be slightly different Beauty Reprise
29%
67 Me And My Dick You look a little down Listen to Your Heart
29%
38 Ani Looking back over the years Long Ago and Far Away
28%
34 A Very Potter Senior Year Harry Potter, lover of only This School Is Mine
28%
105 A Very Potter Senior Year Hey! Please don’t run away Get in My Mouth
27%
94 Spies Are Forever Spies are forever! You gotta Spy Dance
27%
78 A Very Potter Senior Year There was a time when When I Was
27%
127 A Very Potter Sequel Somebody’s going down! Somebody’s going Let the Games Begin
25%
119 Me And My Dick Wait, don’t go. There’s something Even Though
23%
139 Me And My Dick Just flap your lips. Yes Flight of the Pussies
22%
120 Ani From the moment I met Haunted by the Kiss
22%
145 Spies Are Forever I know I can’t convince you Not So Bad Reprise
22%
91 Ani Everyone thought they were dreaming Back on Top
20%
101 Me And My Dick You look a little lost Land of the Dicks
20%
133 A Very Potter Senior Year Don’t want to see you Days of Summer Reprise
19%
110 Ani We’ve barely begun, yeah we’re The Force (You Got It)
19%
121 A Very Potter Senior Year When you have to go When You Have to Go All the Way Home
19%
140 A Very Potter Senior Year Cause now you get to Going Back to Hogwarts Reprise
18%
41 Me And My Dick Even though I never thought Heaven on Earth
18%
72 Ani This is the beginning, I’m With My Own Eyes
17%
92 Me And My Dick Take a look at what Big T’s Temptation
16%
104 Me And My Dick I belong to an organization Council of the Pussies
15%
118 Ani Can you feel it in One in a Million
15%
108 Ani I’m back on track, ready Strike Back
14%
130 Me And My Dick Oh – oh – I’m sorry, I I’ve Seen You Around Here Before
13%
123 Me And My Dick In the dark and chill Gotta Find His Dick
11%
137 Me And My Dick A dick can act real There Ain’t Nothing Like A Dick
10%
No matching quizzes found
Score Distribution
Percent of People with Each Score
Percentile by Number Answered
Your Score History
You have not taken this quiz